| 000 | 00568nam a2200205 a 4500 | ||
|---|---|---|---|
| 005 | 20250703104314.0 | ||
| 010 | _aENG-145541 | ||
| 020 |
_a9788187496786 _c150.00 |
||
| 035 | _aEN-129073 | ||
| 037 | _bDBAD | ||
| 082 |
_a270.082 _21 |
||
| 100 |
_aNoorani, A.G. _982505 |
||
| 245 |
_aIslam and Jihad/ _cA.G. Noorani |
||
| 250 | _a1 | ||
| 260 |
_aNew Delhi _bLeftword Books _c2002 |
||
| 270 |
_a12 Rajendra Prasad Road, _bNew Delhi _e110001 |
||
| 300 |
_axii, 120p. _c21cm(hb) |
||
| 500 | _aIncludes index | ||
| 942 |
_2ddc _cEN _mNOO _h270.082 |
||
| 999 |
_c212032 _d212032 |
||